01281nam a2200241Ia 4500001000900000003001000009008004100019040002500060041001300085100002500098245004300123250001100166260006000177300002700237500020400264501011400468520020400582650004100786942000700827957000600834999004100840952015800881L149-999IT-CnALBA170116s9999||||xx |||||||||||||| ||und|| aIT-CnALBAcIT-CnALBA aITALIANO aBERGHIN-ROSÈ GUIDO 0aELEMENTI DI FILOSOFIA VOL. V. CRITICA  a1a ed. a TORINO - ROMAbMARIETTI EDITORE c1951 [1° Ed.: n.d.] a128 p. (prefazione: 6) aCRITICA PROBLEMA CRITICO SCETTICISMO IDEALISMO REALISMO. I SENSI. INTELLIGENZA ASTRAZIONE UNIVERSALI NOMINALISMO RELISMO ASSOLUTO CONCETTUALISMO REALISMO MODERATO. GIUDIZIO RAGIONAMENTO FEDE ERRORE.  aSocietà San Paolo EM - Piazza San Paolo, 14 - 12051 ALBA (CN) (non commercial uses only) ® Copyright 2017 aCRITICA PROBLEMA CRITICO SCETTICISMO IDEALISMO REALISMO. I SENSI. INTELLIGENZA ASTRAZIONE UNIVERSALI NOMINALISMO RELISMO ASSOLUTO CONCETTUALISMO REALISMO MODERATO. GIUDIZIO RAGIONAMENTO FEDE ERRORE.  aALTRI SISTEMI E DOTTRINE FILOSOFICHE cBK 71 a1091bNOg Copie: 1 c260228d260228 0010406L_14999971aALBAbALBAd2017-01-16l0oL149-999r2017-01-16 00:00:00w2017-01-16yBKz(data import: 16 gennaio 2017) - By Epidotti, Vaglietti.